A general map of the empire of Germany, Holland, the Netherlands, Switzerland, the Grisons, Italy, Sicily, Corsica, and Sardinia. By Captain Chauchard, &c. Dedicated by permission to His Majesty (Record no. 113824)

MARC details
000 -LEADER
fixed length control field 00725cam a22001815a 4500
001 - CONTROL NUMBER
control field L155789
008 - FIXED-LENGTH DATA ELEMENTS--GENERAL INFORMATION
fixed length control field 120416s1800 xxk f 000 0 eng d
035 ## - SYSTEM CONTROL NUMBER
System control number (Sirsi) u155789
041 0# - LANGUAGE CODE
Language code of text/sound track or separate title eng
100 1# - MAIN ENTRY--PERSONAL NAME
Personal name Chauchard
Titles and words associated with a name Captain
245 02 - TITLE STATEMENT
Title A general map of the empire of Germany, Holland, the Netherlands, Switzerland, the Grisons, Italy, Sicily, Corsica, and Sardinia. By Captain Chauchard, &c. Dedicated by permission to His Majesty
260 ## - PUBLICATION, DISTRIBUTION, ETC.
Place of publication, distribution, etc. London
Name of publisher, distributor, etc. Printed for John Stockdale, Piccadilly. T. Gillet, printer, Salisbury Square
Date of publication, distribution, etc. 4th June, 1800
300 ## - PHYSICAL DESCRIPTION
Extent [4] p., plates
Dimensions 1o
583 0# - ACTION NOTE
Action Condition reviewed
Time/date of action 20120620
Status condition level 3 and 4
651 #4 - SUBJECT ADDED ENTRY--GEOGRAPHIC NAME
Geographic name Europe
690 ## - LOCAL SUBJECT ADDED ENTRY--TOPICAL TERM (OCLC, RLIN)
Topical term or geographic name as entry element Measurement
9 (RLIN) 6256
942 ## - ADDED ENTRY ELEMENTS (KOHA)
Suppress in OPAC 0
Holdings
Withdrawn status Lost status Source of classification or shelving scheme Damaged status Not for loan Home library Current library Shelving location Date acquired Total Checkouts Full call number Barcode Date last seen Copy number Price effective from Koha item type
    Dewey Decimal Classification     Historic collection Historic collection Historic collection 16/04/2012   FOLIO 1800 CHAUCHARD 30077750 06/08/2019 1 06/08/2019 Book
    Dewey Decimal Classification     Historic collection Historic collection Historic collection 26/02/2013   FOLIO 1800 CHAUCHARD 30078193 06/08/2019 2 06/08/2019 Book